Poli Papers (Запис № 419719)

МАРК-запис
000 -Лідер
fixed length control field 01589nam a22002657a 4500
003 - Ідентифікатор контрольного номера
control field UA-OsUOA
001 - Контрольний номер
control field 131459
007 - Фіксоване поле фізичного опису
fixed length control field ta
008 - Елементи даних фіксованої довжини – загальна інформація
fixed length control field 20180605b un ||||| |||| 00| 0 ukr d
090 ## - Локальний шифр розміщення
Авторський знак (НП) P-45
040 ## - Джерело каталогізації
Агенція оригінальної каталогізації UA-OsUOA
Мова каталогізації eng
Агенція, яка здійснювала перезапис UA-OsUOA
Агенція, яка здійснювала модифікацію UA-OsUOA
041 ## - Код мови
Код мови тексту/ звукової доріжки чи окремого заголовка (П) eng
245 ## - Відомості про назву
Назва (НП) Poli Papers
Дані про відповідальність (НП) Editor Carlos Llopis-Albert, Universitat Politиcnica de Valиncia, Spain
260 ## - Публікація, розповсюдження і т.п. (Вихідні дані)
Дата публікації, розповсюдження і т.п. (П) 2016
246 31 - Інша форма назви
Назва (НП) Multidisciplinary Journal for Education, Social and Technological Sciences
Номер частини/ розділ роботи (П) 1
520 3# - Резюме і т.п.
Резюме, реферат, анотація, тощо (НП) his journal publishes high quality manuscripts that engage theoretical and empirical issues including education, social and technological sciences. They are tackled from a multidisciplinary perspective. The journal also features case studies focusing o
520 3# - Резюме і т.п.
Резюме, реферат, анотація, тощо (НП) n practical implications, or papers related to learning and teaching in social and science disciplines, and finally, reviews on recent books. Articles published in the MUSE journal are of importance to academics, policy makers, practitioners and analy
520 3# - Резюме і т.п.
Резюме, реферат, анотація, тощо (НП) sts in government and organizations, seeking to understand the diverse and complex characteristics of international environments. Though preferences are given to manuscripts that are international in scope, papers focused on domestic contexts and issu
520 3# - Резюме і т.п.
Резюме, реферат, анотація, тощо (НП) es are also welcome, in order to facilitate the sharing of knowledge and potential generalizability of findings worldwide.
650 #7 - Додаткове предметне введення – тематичний термін
Джерело заголовка чи терміна UDC
773 0# - Введення хост-одиниці (П)
Контрольний номер запису (П) 131454
Назва (НП) Poli Papers
856 40 - Електронне місцезнаходження та доступ
Уніфікований ідентифікатор ресурсу (П) https://polipapers.upv.es/index.php/MUSE/issue/view/552/showToc
942 ## - Додаткові елементи входу (Коха)
Тип елемента Koha Номер журналу
955 ## - Код типу видання за змістом
Код типу видання за змістом (НП) Наукові видання

Немає доступних примірників.